Central Library and Information Centre
Sibsagar Girls' College, Sivasagar : Assam

FINANCIAL ADMINISTRATION OF INDIA (Record no. 13483)

MARC details
000 -LEADER
fixed length control field 00429cam a2200181ua 4500
008 - FIXED-LENGTH DATA ELEMENTS--GENERAL INFORMATION
fixed length control field 141205n2008 II |||gr||||Z||||||eng
040 ## - CATALOGING SOURCE
Original cataloging agency MAIN
041 ## - LANGUAGE CODE
-- English
082 ## - DEWEY DECIMAL CLASSIFICATION NUMBER
Classification number 658.1554 GUP
100 ## - MAIN ENTRY--PERSONAL NAME
Personal name GUPTA , R.K .
245 ## - TITLE STATEMENT
Title FINANCIAL ADMINISTRATION OF INDIA
250 ## - EDITION STATEMENT
Edition statement 1ST.
260 ## - PUBLICATION, DISTRIBUTION, ETC.
Place of publication, distribution, etc. NEW DELHI
Name of publisher, distributor, etc. REGAL PUBLICATIONS
Date of publication, distribution, etc. 2008
300 ## - PHYSICAL DESCRIPTION
Extent 313.:
Dimensions 22CM.
700 ## - ADDED ENTRY--PERSONAL NAME
Personal name SAINI , P.K.
942 ## - ADDED ENTRY ELEMENTS (KOHA)
Koha item type Books
Holdings
Withdrawn status Lost status Damaged status Not for loan Collection code Home library Current library Shelving location Date acquired Full call number Barcode Date last seen Copy number Price effective from Koha item type
        REFHMSC Central Library and Information Centre Sibsagar Girls College Central Library and Information Centre Sibsagar Girls College Sports Journalism Library sc 08.04.2007 658.1554 GUP 22466 27.02.2020 1 27.02.2020 Books


Sibsagar Girl's College © 2020. All rights reserved.
Powered by Koha.
Maintained by Abhijit Borpuzari.